| 000 | 00420cam a2200169ua 4500 | ||
|---|---|---|---|
| 020 | _a0-8039-7388-8 | ||
| 041 |
_aeng _h |
||
| 082 |
_a300.723 _bFIN/HO |
||
| 100 | _aFink, Arlene . | ||
| 245 |
_aHow to analyse survey data / _cArlene Fink. _hTextual Documents |
||
| 260 |
_aNew Delhi : _bSage Publications , _c1995. |
||
| 300 | _a ; . | ||
| 500 | _a**Reference | ||
| 504 | _a | ||
| 942 | _cBK | ||
| 999 |
_c10436 _d10436 |
||